Normal view
MARC view
- Dr, Hamid Mehmood.
Entry Personal Name
001 - CONTROL NUMBER
- control field: 29219
003 - CONTROL NUMBER IDENTIFIER
- control field: NUST
005 - DATE AND TIME OF LATEST TRANSACTION
- control field: 20200622123755.0
008 - FIXED-LENGTH DATA ELEMENTS
- fixed length control field: 200622|| aca||aabn | a|a d
040 ## - CATALOGING SOURCE
- Original cataloging agency: NUST
- Transcribing agency: NUST
100 ## - HEADING--PERSONAL NAME
- Personal name: Dr, Hamid Mehmood.
670 ## - SOURCE DATA FOUND
- Source citation: Work cat.: (NUST): Safdar, Faryal 29217, Optimal Meeting Point Selection in Multi-user Pedestrian Navigation /, 2012.
